| 000 | 00407nam a22001697a 4500 | ||
|---|---|---|---|
| 003 | SGT | ||
| 020 | _a9789351297574 | ||
| 082 |
_a616.8 _bL17B |
||
| 100 | _aBRAZIS, PAUL W. | ||
| 245 | _aLOCALIZATION IN CLINICAL NEUROLOGY | ||
| 250 | _a7TH | ||
| 260 |
_aPHILADELPHIA _bWOLTERS KLUWER _c2017 |
||
| 300 | _a713 | ||
| 650 | _aNEUROLOGY | ||
| 653 | _aLOCALIZATION IN CLINICAL NEUROLOGY | ||
| 942 |
_2ddc _cBK |
||
| 999 |
_c34319 _d34319 |
||